[Event "29th Czech Rapid G1 2018"]
[Site "Pardubice CZE"]
[Date "2018.07.18"]
[Round "2.39"]
[White "Domogaev, Sergey"]
[Black "Brejnik, Gustav"]
[Result "1-0"]
[WhiteTitle "GM"]
[WhiteElo "2414"]
[BlackElo "2134"]
[WhiteFideId "24103608"]
[BlackFideId "362662"]
[EventDate "2018.07.18"]

1. d4 Nf6 2. c4 e6 3. Nc3 Bb4 4. e3 O-O 5. Bd3 c5 6. a3 Bxc3+ 7. bxc3 d5 8. Nf3
b6 9. O-O Ba6 10. cxd5 Bxd3 11. Qxd3 exd5 12. dxc5 bxc5 13. c4 Qe7 14. Rd1 Rd8
15. Bb2 Ne4 16. cxd5 Nd7 17. Ne5 Nxf2 18. Kxf2 Nxe5 19. Qe4 Qf6+ 20. Kg1 Nf3+
21. Qxf3 Qxb2 22. Rac1 Rac8 23. e4 Qe5 24. Rc4 f6 25. Qc3 Qe7 26. a4 Rd7 27. a5
Qd6 28. Rc1 Rdc7 29. Qg3 Qd8 30. Qb3 Qd6 31. Qg3 Qd8 32. Rb1 Rb8 33. Rxb8 Qxb8
34. h3 Qd8 35. Qb3 Qd6 36. Qc3 Kf7 37. Qe3 Kg8 38. Qf2 Kh8 39. Qb2 Kg8 40. Qb3
h6 41. Rc3 Kh7 42. Qc4 Qe5 43. a6 Qf4 44. Rf3 Qe5 45. Rf5 Qd6 46. Rf1 Qg3 47.
Rf3 Qe5 48. Rd3 Qd6 49. Rb3 Qe7 50. Rb1 Kh8 51. Rd1 Qd6 52. Rd3 Kh7 53. Rf3 Qe5
54. Rf1 Qd6 55. Rd1 Kh8 56. Rb1 Qe7 57. Rc1 Qe5 58. Qd3 Qd6 59. Qb5 Kh7 60. Rc4
Qg3 61. Qb1 Kh8 62. e5 Qxe5 63. Re4 Qxd5 64. Re8+ Qg8 65. Rxg8+ 1-0

[Event "29th Czech Rapid G1 2018"]
[Site "Pardubice CZE"]
[Date "2018.07.18"]
[Round "2.41"]
[White "Freisler, Pavel"]
[Black "Priyanka, Nutakki"]
[Result "0-1"]
[WhiteTitle "IM"]
[WhiteElo "2246"]
[BlackElo "2180"]
[WhiteFideId "301477"]
[BlackFideId "25049615"]
[EventDate "2018.07.18"]

1. Nf3 Nf6 2. c4 b6 3. d4 e6 4. g3 Ba6 5. Nbd2 d5 6. Bg2 Be7 7. O-O O-O 8. b3
Nbd7 9. Bb2 c5 10. Rc1 Rc8 11. Re1 Bb7 12. cxd5 exd5 13. Rc2 Ne4 14. Qa1 Ndf6
15. Rec1 Re8 16. e3 Bf8 17. dxc5 bxc5 18. Nxe4 Nxe4 19. Rd1 Qb6 20. Ne5 Nf6 21.
Nd3 c4 22. Bd4 Qa6 23. Nf4 Ne4 24. Rdc1 Ba3 25. Rb1 Bf8 26. bxc4 dxc4 27. Ne2
Ba8 28. Nc3 Qg6 29. Nxe4 Bxe4 30. Bxe4 Qxe4 31. Rbc1 Ba3 32. Bxg7 Bxc1 33. Rxc1
Qg6 34. Bd4 Rc7 35. Qc3 a6 36. Qa5 Rc6 37. Qd5 Qe6 38. Qg5+ Qg6 39. Qf4 Qe4 40.
Qg5+ Qg6 41. Qa5 h6 42. h4 Qe6 43. Kh2 Qg6 44. Qd5 Qe6 45. Qf3 Qg6 46. Rc3 Qe4
47. Qe2 Qxd4 0-1

[Event "29th Czech Rapid G1 2018"]
[Site "Pardubice CZE"]
[Date "2018.07.18"]
[Round "2.42"]
[White "Gukesh, D"]
[Black "Soural, Jan"]
[Result "1-0"]
[WhiteTitle "IM"]
[WhiteElo "2433"]
[BlackElo "2192"]
[WhiteFideId "46616543"]
[BlackFideId "311928"]
[EventDate "2018.07.18"]

1. Nf3 c5 2. e4 Nc6 3. d4 cxd4 4. Nxd4 g6 5. Nc3 Bg7 6. Nde2 Nf6 7. g3 O-O 8.
Bg2 d6 9. O-O Bd7 10. h3 a6 11. a4 Rb8 12. Nd5 Nxd5 13. exd5 Ne5 14. Ra2 Qc8 15.
Kh2 Rd8 16. b3 Be8 17. Re1 Qc7 18. Be3 Rdc8 19. Bd4 f6 20. a5 Nd7 21. Nf4 Ne5
22. Ne6 Qd7 23. f4 Nf7 24. Nxg7 Kxg7 25. c4 Nh6 26. Rae2 Ng8 27. g4 Bf7 28. Qa1
Re8 29. Kg3 h6 30. Re6 Kh7 31. Be4 Kg7 32. f5 g5 33. h4 Qc8 34. hxg5 hxg5 35.
Rh1 Nh6 36. Bxf6+ 1-0

[Event "29th Czech Rapid G1 2018"]
[Site "Pardubice CZE"]
[Date "2018.07.18"]
[Round "2.44"]
[White "Vykydal, Frantisek"]
[Black "Gallego Alcaraz, Andres Felipe"]
[Result "0-1"]
[WhiteTitle "CM"]
[BlackTitle "IM"]
[WhiteElo "2089"]
[BlackElo "2504"]
[WhiteFideId "301744"]
[BlackFideId "4402669"]
[EventDate "2018.07.18"]

1. e4 c5 2. Nc3 Nc6 3. g3 g6 4. Bg2 Bg7 5. d3 d6 6. Be3 Rb8 7. a4 a6 8. Qd2 h5
9. h4 Nf6 10. f3 b5 11. axb5 axb5 12. Nge2 e5 13. O-O Be6 14. Bg5 Qd7 15. Kh2
Nd4 16. Nxd4 cxd4 17. Nd1 d5 18. Nf2 dxe4 19. Nxe4 Nxe4 20. fxe4 O-O 21. Bf6
Rfc8 22. Rf2 Rc5 23. c3 dxc3 24. bxc3 Rbc8 25. d4 Rxc3 26. d5 Bxf6 27. Rxf6 Rc2
28. Qg5 Bh3 29. Rg1 Bxg2 30. Rxg2 Rxg2+ 31. Kxg2 Rc2+ 32. Rf2 Rxf2+ 33. Kxf2 Qd6
34. Qc1 Qb6+ 35. Kf3 Kf8 36. Qg5 Qd6 37. Qc1 Ke7 38. Ke2 Qb6 39. Qg5+ Qf6 40.
Qxf6+ Kxf6 41. Kd2 Ke7 42. Kc3 Kf6 43. Kd3 Ke7 44. Ke2 0-1

[Event "29th Czech Rapid G1 2018"]
[Site "Pardubice CZE"]
[Date "2018.07.18"]
[Round "2.46"]
[White "Vusatiuk, Vladimir"]
[Black "Yakimenko, Alexander A."]
[Result "1-0"]
[WhiteTitle "IM"]
[WhiteElo "2321"]
[BlackElo "2035"]
[WhiteFideId "14118610"]
[BlackFideId "24141917"]
[EventDate "2018.07.18"]

1. d4 e6 2. e4 d5 3. Nd2 Nc6 4. Ngf3 Nf6 5. e5 Nd7 6. c4 dxc4 7. Bxc4 Nb6 8. Bb5
Bd7 9. O-O Ne7 10. Bd3 Bc6 11. b3 Ng6 12. Ne4 Be7 13. g3 h6 14. h4 Bxh4 15. gxh4
Nxh4 16. Be3 Nd5 17. Rc1 Nf5 18. Re1 Nb4 19. Bb1 Qe7 20. Bd2 Rd8 21. Nd6+ cxd6
22. Bxb4 Nh4 23. Rxc6 bxc6 24. Bxd6 Nxf3+ 25. Qxf3 Qg5+ 26. Kf1 f5 27. Qxc6+ Kf7
28. Qc7+ Kg6 29. Be7 Qh5 30. Bxd8 Qh3+ 31. Ke2 Qg4+ 32. Kd3 Qf3+ 33. Re3 Qxf2
34. Bc2 Qf1+ 35. Kc3 Qa1+ 36. Kc4 Qf1+ 37. Kb4 Qf4 38. Rd3 h5 39. Qd7 h4 40.
Qxe6+ Kh7 41. Bxh4 Rb8+ 42. Ka5 Qxh4 43. Rh3 1-0

[Event "29th Czech Rapid G1 2018"]
[Site "Pardubice CZE"]
[Date "2018.07.18"]
[Round "2.55"]
[White "Chubar, Vladimir"]
[Black "Roessler, Ulrike"]
[Result "0-1"]
[WhiteTitle "IM"]
[BlackTitle "WIM"]
[WhiteElo "2016"]
[BlackElo "2137"]
[WhiteFideId "14101491"]
[BlackFideId "4622650"]
[EventDate "2018.07.18"]

1. d4 Nf6 2. Nf3 g6 3. Bg5 Bg7 4. Nbd2 O-O 5. c3 d6 6. e4 Nbd7 7. Bc4 e5 8. dxe5
dxe5 9. O-O h6 10. Bh4 g5 11. Bg3 Nh5 12. Qc2 Nxg3 13. fxg3 Qe7 14. Kh1 Nf6 15.
Qb3 b6 16. a4 a5 17. Rae1 Bb7 18. Re2 Rad8 19. Ne1 Rd6 20. Bd3 Rfd8 21. Qc2 Nd7
22. Nc4 Rf6 23. Rxf6 Bxf6 24. Ne3 Nc5 25. Nf5 Qd7 26. Bc4 Kh7 27. h3 Bxe4 28.
Rxe4 Qxf5 29. Re2 Qxc2 30. Rxc2 Rd1 31. Re2 Nxa4 32. Kh2 Nxb2 33. Rxb2 Rxe1 34.
Bxf7 e4 35. Be6 Bxc3 36. Rc2 Be5 37. Rc4 Kg7 38. Bf5 Re3 39. Rxe4 Bxg3+ 40. Kg1
Rxe4 41. Bxe4 c5 42. Bc6 Kf6 43. Kf1 Ke5 44. Ke2 Kd4 45. Kd2 c4 46. Kc2 Kc5 47.
Be8 b5 0-1

[Event "29th Czech Rapid G1 2018"]
[Site "Pardubice CZE"]
[Date "2018.07.18"]
[Round "2.60"]
[White "Fedotov, Konstantin"]
[Black "Mlcak, Viktor"]
[Result "1-0"]
[WhiteElo "2017"]
[BlackElo "1939"]
[WhiteFideId "4145895"]
[BlackFideId "320064"]
[EventDate "2018.07.18"]

1. e4 Nf6 2. e5 Nd5 3. d4 d6 4. exd6 cxd6 5. c4 Nb6 6. Nc3 g6 7. h3 Bg7 8. Nf3
O-O 9. Be3 Nc6 10. Be2 Bf5 11. O-O e5 12. d5 Ne7 13. b4 Rc8 14. Qb3 h5 15. Rfd1
Qc7 16. Nb5 Qb8 17. a4 Rcd8 18. Nxa7 e4 19. Nd4 Qxa7 20. a5 Nxc4 21. Nc6 Qa8 22.
Nxe7+ Kh7 23. Qxc4 Bxa1 24. Rxa1 Bd7 25. Qxe4 Rde8 26. Bxh5 Bf5 27. Qh4 1-0

[Event "29th Czech Rapid G1 2018"]
[Site "Pardubice CZE"]
[Date "2018.07.18"]
[Round "2.63"]
[White "Trost, Edvin"]
[Black "Bystrov, Sergej M."]
[Result "1/2-1/2"]
[BlackTitle "IM"]
[WhiteElo "1925"]
[BlackElo "2233"]
[WhiteFideId "1729519"]
[BlackFideId "4118561"]
[EventDate "2018.07.18"]

1. e4 c5 2. Nf3 Nf6 3. Nc3 d5 4. exd5 Nxd5 5. Bb5+ Bd7 6. Bxd7+ Qxd7 7. O-O Nc6
8. d3 e6 9. Re1 Be7 10. d4 cxd4 11. Nxd4 Nxc3 12. bxc3 O-O 13. Qg4 Rad8 14. Be3
Ne5 15. Qh3 Ng6 16. Rad1 a6 17. g3 Qc7 18. Qg2 Rd5 19. Rd3 Rfd8 20. Qe4 Bf6 21.
Red1 Qc8 22. f4 e5 23. Ne2 Rxd3 24. Rxd3 exf4 25. Bxf4 Re8 26. Qf3 Nxf4 27. Nxf4
Qc5+ 28. Kf1 b5 29. Nd5 Bg5 30. h4 Bd8 31. Re3 Rxe3 32. Qxe3 Qc4+ 33. Kf2 Kf8
34. Qd3 Qxa2 35. Nb4 Bb6+ 36. Kg2 Qe6 37. Nxa6 Qc6+ 38. Kh2 g6 39. Nb8 Qc7 40.
Nd7+ Ke7 41. Qxb5 Qxd7 42. Qxb6 Qd2+ 43. Kg1 Qc1+ 44. Kg2 Qxc2+ 45. Kh1 Qxc3 46.
Kg2 Qd2+ 47. Kg1 Qe1+ 48. Kg2 Qe4+ 49. Kh2 h5 50. Qc5+ Kf6 51. Qc3+ Qe5 52. Qf3+
Kg7 53. Qd3 Qb2+ 54. Kg1 Qa1+ 55. Kg2 Qe5 56. Qc2 Kf6 57. Qc6+ Qe6 58. Qc3+ Ke7
59. Qc7+ Ke8 60. Qb8+ Ke7 61. Qc7+ Kf8 62. Qb8+ Kg7 63. Qb2+ Qf6 64. Qe2 Qd6 65.
Qb2+ Kh7 66. Qf2 Qd5+ 67. Kh2 Kg8 68. Qe2 Qe6 69. Qd2 Qe5 70. Qd8+ Kg7 71. Qd2
g5 72. hxg5 h4 73. Qf4 Qxf4 74. gxf4 Kg6 75. Kg2 Kh5 76. Kh3 Kg6 77. Kxh4 f6 1/2-1/2

[Event "29th Czech Rapid G1 2018"]
[Site "Pardubice CZE"]
[Date "2018.07.18"]
[Round "2.70"]
[White "Gorbatenko, Alexander"]
[Black "Straka, Vojtech"]
[Result "1/2-1/2"]
[WhiteElo "2049"]
[BlackElo "1977"]
[WhiteFideId "4145976"]
[BlackFideId "377759"]
[EventDate "2018.07.18"]

1. d4 c6 2. c4 d5 3. Nf3 Nf6 4. Nc3 g6 5. cxd5 cxd5 6. g3 Bg7 7. Bg2 Nc6 8. O-O
O-O 9. Ne5 a6 10. Nxc6 bxc6 11. Na4 Nd7 12. Be3 e5 13. Rc1 Bb7 14. dxe5 Bxe5 15.
Bd4 Re8 16. Bxe5 Rxe5 17. e3 Qe7 18. Qd4 a5 19. Nc5 Nxc5 20. Rxc5 a4 21. Qc3 Ba6
22. Rd1 Bb5 23. Bf1 Bxf1 24. Rxf1 Rc8 25. Rxc6 Rxc6 26. Qxc6 Qb4 27. Qc3 Qxc3
28. bxc3 Re4 29. Rb1 Rc4 30. Rb4 Rxc3 31. Rxa4 Kf8 32. Ra7 Kg7 33. h4 h5 34. Kg2
Kf6 35. a4 Ra3 36. a5 Ke5 37. a6 d4 38. exd4+ Kxd4 39. Rd7+ Ke5 40. a7 Ke6 41.
Rb7 f6 42. Kf1 g5 43. hxg5 fxg5 44. Rh7 h4 45. gxh4 gxh4 46. Kg2 h3+ 47. Kh2 Kf5
48. Rg7 Kf6 49. Rb7 Kf5 50. Rd7 Ke6 51. Rb7 Kf5 52. f3 Kf6 53. Rh7 Kg6 54. Rb7
Kf6 55. Kg3 Kg6 56. Rb6+ Kf5 57. Rb7 Kf6 58. Kxh3 Rxf3+ 59. Kg4 Ra3 60. Kf4 Ra4+
61. Ke3 Ke6 62. Kd3 Kd6 63. Kc3 Kc6 64. Rh7 Kb6 1/2-1/2

[Event "29th Czech Rapid G1 2018"]
[Site "Pardubice CZE"]
[Date "2018.07.18"]
[Round "3.1"]
[White "Movsesian, Sergei"]
[Black "Mirzoev, Emil"]
[Result "1-0"]
[WhiteTitle "GM"]
[BlackTitle "IM"]
[WhiteElo "2635"]
[BlackElo "2412"]
[WhiteFideId "310204"]
[BlackFideId "14108640"]
[EventDate "2018.07.18"]

1. Nf3 Nf6 2. g3 g6 3. Bg2 Bg7 4. O-O O-O 5. d4 d6 6. c4 c6 7. h3 Nbd7 8. Nc3 e5
9. e4 Re8 10. Re1 a5 11. Be3 exd4 12. Nxd4 Nc5 13. Qc2 a4 14. Rad1 Qa5 15. Bf4
Ne6 16. Nxe6 Bxe6 17. Bxd6 Nd7 18. Ne2 b5 19. cxb5 cxb5 20. Qb1 Ne5 21. Nd4 Nc4
22. Nc6 Qb6 23. e5 Bf5 24. Qc1 Rac8 25. g4 Be6 26. Ne7+ Rxe7 27. Bxe7 Nxe5 28.
Qf4 Rc4 29. Re4 h6 30. Bf6 Rxe4 31. Bxe4 Qc5 32. Bxg7 Kxg7 33. Bd5 Qc7 34. Bxe6
fxe6 35. Re1 1-0

[Event "29th Czech Rapid G1 2018"]
[Site "Pardubice CZE"]
[Date "2018.07.18"]
[Round "3.2"]
[White "Manik, Mikulas"]
[Black "Bernadskiy, Vitaliy"]
[Result "0-1"]
[WhiteTitle "GM"]
[BlackTitle "GM"]
[WhiteElo "2400"]
[BlackElo "2586"]
[WhiteFideId "14900734"]
[BlackFideId "14100371"]
[EventDate "2018.07.18"]

1. e4 c5 2. Nf3 Nc6 3. Bb5 e6 4. O-O Nge7 5. Re1 a6 6. Bxc6 Nxc6 7. d4 cxd4 8.
Nxd4 Be7 9. Nc3 d6 10. Nxc6 bxc6 11. Qg4 g6 12. Bh6 e5 13. Qg3 g5 14. Rad1 Rg8
15. h4 f6 16. Qf3 Rg6 17. Qh5 Qd7 18. hxg5 fxg5 19. Bg7 Qe6 20. Qxh7 Bb7 21. Ne2
Qf7 22. Qh8+ Kd7 23. Qh3+ g4 24. Qa3 Qxg7 25. Ng3 Rh8 26. Rd3 Qh7 27. Red1 Rf6
28. Rb3 Bc8 29. Qa5 Ke8 30. Qc7 Qh2+ 31. Kf1 Be6 32. Qxc6+ Kf7 33. Qxa6 Bxb3 34.
axb3 Qxg3 0-1

[Event "29th Czech Rapid G1 2018"]
[Site "Pardubice CZE"]
[Date "2018.07.18"]
[Round "3.3"]
[White "Paravyan, David"]
[Black "Neuman, Petr"]
[Result "1-0"]
[WhiteTitle "GM"]
[BlackTitle "GM"]
[WhiteElo "2638"]
[BlackElo "2440"]
[WhiteFideId "4194985"]
[BlackFideId "305243"]
[EventDate "2018.07.18"]

1. d4 d5 2. c4 c6 3. Nf3 Nf6 4. Nc3 a6 5. Qc2 g6 6. Bg5 Bg7 7. cxd5 Nxd5 8. e4
Nxc3 9. Qxc3 Bg4 10. Ne5 Be6 11. Be3 Nd7 12. Nd3 O-O 13. Be2 f5 14. Nf4 Bf7 15.
e5 g5 16. e6 gxf4 17. exf7+ Kh8 18. Bxf4 c5 19. Be5 cxd4 20. Bxg7+ Kxg7 21.
Qxd4+ e5 22. Qb4 Rxf7 23. O-O-O Qb6 24. Qxb6 Nxb6 25. Rd6 Rf6 26. Rhd1 Rc8+ 27.
Kb1 Rc6 28. Rd8 Rf7 29. R8d6 Rf6 30. Rxc6 Rxc6 31. Rd8 Rc7 32. Rd6 Nc8 33. Re6
Re7 34. Rxe7+ Nxe7 35. Kc2 Kf6 36. Kc3 Ke6 37. g3 Kd6 38. Bf3 Nd5+ 39. Bxd5 Kxd5
40. Kd3 a5 41. f3 b5 42. g4 Ke6 43. Ke3 Kf6 44. h4 h5 45. g5+ Ke6 46. Kd3 a4 47.
Kc3 Kd5 48. Kb4 e4 49. fxe4+ fxe4 50. Kc3 Ke5 51. a3 Kd5 52. Kd2 Ke6 53. Ke1 Ke7
54. Kf2 Ke6 55. Ke3 Ke5 56. g6 Kf6 57. Kxe4 Kxg6 58. Ke5 1-0

[Event "29th Czech Rapid G1 2018"]
[Site "Pardubice CZE"]
[Date "2018.07.18"]
[Round "3.4"]
[White "Zpevak, Pavel"]
[Black "Potapov, Pavel"]
[Result "0-1"]
[WhiteTitle "IM"]
[BlackTitle "GM"]
[WhiteElo "2330"]
[BlackElo "2500"]
[WhiteFideId "300586"]
[BlackFideId "4169786"]
[EventDate "2018.07.18"]

1. d4 f5 2. Nf3 Nf6 3. Bf4 g6 4. e3 Bg7 5. h3 O-O 6. Be2 d6 7. O-O Nc6 8. Nc3
Ne4 9. Nxe4 fxe4 10. Nd2 Nxd4 11. Nxe4 Nxe2+ 12. Qxe2 Bxb2 13. Rab1 Bg7 14. Rfd1
e5 15. Bg5 Qe8 16. Nc3 Qf7 17. Nd5 h6 18. Bh4 g5 19. Bg3 c6 20. Nb4 d5 21. e4 d4
22. Nd3 Re8 23. c3 b6 24. a4 c5 25. a5 c4 26. Nb4 b5 27. a6 Bd7 28. Nd5 Rac8 29.
cxd4 exd4 30. Nc7 Red8 31. Nxb5 Bxb5 32. Rxb5 d3 33. Qe3 c3 34. Rd5 Rxd5 35.
exd5 c2 0-1

[Event "29th Czech Rapid G1 2018"]
[Site "Pardubice CZE"]
[Date "2018.07.18"]
[Round "3.5"]
[White "Plat, Vojtech"]
[Black "Shkuran, Danylo"]
[Result "1-0"]
[WhiteTitle "GM"]
[BlackTitle "IM"]
[WhiteElo "2543"]
[BlackElo "2381"]
[WhiteFideId "325740"]
[BlackFideId "14106248"]
[EventDate "2018.07.18"]

1. d4 d5 2. c4 c6 3. Nc3 Nf6 4. cxd5 cxd5 5. Bf4 Nc6 6. e3 e6 7. Bd3 Bd6 8. Bxd6
Qxd6 9. f4 a6 10. Nf3 b5 11. O-O Bb7 12. Ne5 Rc8 13. Rc1 Na5 14. Qe1 Nc4 15. b3
Nb6 16. f5 b4 17. Ne2 O-O 18. fxe6 fxe6 19. Rxc8 Nxc8 20. Qh4 h6 21. Nf4 Ne7 22.
Nh5 Nf5 23. Bxf5 exf5 24. Rxf5 Ne4 25. Qg4 Ng5 26. Rxf8+ Qxf8 27. Ng3 Bc8 28.
Qd1 Qd6 29. Qc2 Be6 30. Qc6 Nf7 31. Qe8+ 1-0

[Event "29th Czech Rapid G1 2018"]
[Site "Pardubice CZE"]
[Date "2018.07.18"]
[Round "3.6"]
[White "Rasik, Vitezslav"]
[Black "Boruchovsky, Avital"]
[Result "1-0"]
[WhiteTitle "GM"]
[BlackTitle "GM"]
[WhiteElo "2458"]
[BlackElo "2558"]
[WhiteFideId "300306"]
[BlackFideId "2800055"]
[EventDate "2018.07.18"]

1. e4 e5 2. Nf3 Nc6 3. Bb5 a6 4. Ba4 Nf6 5. d3 b5 6. Bb3 Be7 7. O-O Bb7 8. Nc3
O-O 9. Nd5 Na5 10. Nxe7+ Qxe7 11. Bg5 h6 12. Bh4 Nxb3 13. axb3 Qe6 14. Bg3 d6
15. Nh4 Rad8 16. c4 c6 17. f4 bxc4 18. bxc4 exf4 19. Rxf4 d5 20. cxd5 cxd5 21.
e5 Nh7 22. Nf5 Kh8 23. Qg4 g5 24. Rf2 d4 25. Qh5 Bc8 26. Nxh6 f5 27. exf6 Rd5
28. Qg6 Rd7 29. Raf1 Bb7 30. Nf5 Rxf6 31. Qh5 Kg8 32. Re2 Qc6 33. Qe8+ Nf8 34.
Ne7+ Rxe7 35. Qxe7 Rxf1+ 36. Kxf1 Qc1+ 37. Re1 Qxb2 38. Qxg5+ 1-0

[Event "29th Czech Rapid G1 2018"]
[Site "Pardubice CZE"]
[Date "2018.07.18"]
[Round "3.7"]
[White "Gasanov, Eldar"]
[Black "Piscopo, Pierluigi"]
[Result "1-0"]
[WhiteTitle "GM"]
[BlackTitle "IM"]
[WhiteElo "2475"]
[BlackElo "2389"]
[WhiteFideId "14104466"]
[BlackFideId "809152"]
[EventDate "2018.07.18"]

1. e4 c5 2. d3 d5 3. exd5 Nf6 4. c4 e6 5. dxe6 Bxe6 6. Be2 Nc6 7. Nf3 Be7 8. Nc3
O-O 9. O-O Qd7 10. Be3 Rad8 11. Ng5 Nd4 12. Bxd4 Qxd4 13. Nxe6 fxe6 14. Nb5 Qxb2
15. Rb1 Qe5 16. Nxa7 Rf7 17. Bf3 Bd6 18. g3 Bb8 19. Nb5 Qf5 20. Rb3 h5 21. Qe2
Ng4 22. Be4 Qg5 23. f4 Qh6 24. Nc3 Qf6 25. Kh1 Be5 26. h3 Nh6 27. Na4 Nf5 28.
Bxf5 Qxf5 29. Kg2 Bd6 30. Qe4 h4 31. Qxf5 Rxf5 32. g4 Rf7 33. Rb6 Bxf4 34. Nxc5
Be3 35. Rxf7 Kxf7 36. Rxb7+ Kf6 37. Nd7+ Ke7 38. Kf3 Bg1 39. Nc5+ Kf6 40. Ne4+
Ke5 41. Ke2 Ra8 42. Rb5+ Kf4 43. Rb2 Bd4 44. Rc2 Rb8 45. c5 Rb1 46. c6 Rh1 47.
Rc4 Rh2+ 48. Kd1 Bb6 49. Nd2+ Ke3 50. Nf1+ Kxd3 1-0

[Event "29th Czech Rapid G1 2018"]
[Site "Pardubice CZE"]
[Date "2018.07.18"]
[Round "3.8"]
[White "Gutman, Gennadi"]
[Black "Shyam, Sundar M."]
[Result "1/2-1/2"]
[WhiteTitle "GM"]
[BlackTitle "GM"]
[WhiteElo "2476"]
[BlackElo "2527"]
[WhiteFideId "14102277"]
[BlackFideId "5019141"]
[EventDate "2018.07.18"]

1. Nf3 c5 2. b3 b6 3. Bb2 Bb7 4. e3 Nf6 5. d4 e6 6. Nbd2 Be7 7. Bd3 O-O 8. O-O
cxd4 9. exd4 Nc6 10. a3 d5 11. Re1 Re8 12. Nf1 Bf8 13. Ng3 g6 14. Qe2 Bg7 15.
Rad1 Qc7 16. h3 a6 17. Qe3 b5 18. Ne5 Nxe5 19. dxe5 Nd7 20. Bd4 Rac8 21. b4 Nb8
22. f4 Nc6 23. Bc5 f6 24. Bd6 Qd8 25. Ne2 Kh8 26. c3 f5 27. g3 Bf8 28. Bxf8 Rxf8
29. Nd4 Nxd4 30. cxd4 Rf7 31. Rc1 Rc4 32. Bxc4 dxc4 33. Kh2 Qd5 34. Rc2 Rd7 35.
Rd2 Kg7 36. g4 Rf7 37. Kg3 Kf8 38. Rf2 h5 39. g5 Rd7 40. Rd2 Ke8 41. Qc3 Kd8 42.
h4 Bc6 43. Kh2 Kc8 44. Kg3 Kb7 45. Kh2 Kb6 46. Kg3 Ra7 47. Rb2 Rd7 48. Rd2 Ra7
49. Rb2 Ra8 50. Kh2 Rd8 51. Rd2 Qf3 52. Qxf3 Bxf3 53. Kg3 Be4 54. Re3 a5 55.
bxa5+ Kxa5 56. Kf2 Rc8 57. Rc3 b4 58. axb4+ Kxb4 59. Rc1 c3 60. Ra2 Kb3 61. Ra6
Kb2 62. Re1 c2 63. Rb6+ Ka2 64. Ra6+ Kb2 65. Rb6+ Ka2 66. Ra6+ Kb3 67. Rb6+ Ka2
68. Ra6+ Kb2 69. Rb6+ Ka2 70. Ra6+ Kb3 71. Rb6+ Ka2 1/2-1/2

[Event "29th Czech Rapid G1 2018"]
[Site "Pardubice CZE"]
[Date "2018.07.18"]
[Round "3.10"]
[White "Kathmale, Sameer"]
[Black "Bryzgalin, Kirill"]
[Result "1/2-1/2"]
[WhiteTitle "IM"]
[BlackTitle "GM"]
[WhiteElo "2323"]
[BlackElo "2424"]
[WhiteFideId "5024498"]
[BlackFideId "4133285"]
[EventDate "2018.07.18"]

1. e4 c5 2. c3 Nf6 3. e5 Nd5 4. d4 cxd4 5. cxd4 b6 6. Nc3 Nxc3 7. bxc3 Bb7 8. f4
e6 9. Bd2 Nc6 10. Nh3 Be7 11. Bd3 Bh4+ 12. g3 Be7 13. O-O Qc7 14. Be4 Na5 15.
Bxb7 Qxb7 16. f5 Nc4 17. f6 gxf6 18. exf6 Nxd2 19. Qxd2 Bf8 20. a4 Rc8 21. Nf4
h5 22. d5 Rc4 23. Rae1 Bc5+ 24. Kh1 h4 25. g4 Bd6 26. Ng2 h3 27. Ne3 Re4 28. Qd3
Re5 29. c4 Kf8 30. Nc2 Rg5 31. Qf3 Rhg8 32. Rg1 Bc5 33. Rg3 Bd6 34. Rgg1 Bc5 35.
Rg3 Bd6 36. Rgg1 Bc5 37. Rg3 1/2-1/2

[Event "29th Czech Rapid G1 2018"]
[Site "Pardubice CZE"]
[Date "2018.07.18"]
[Round "3.11"]
[White "Zwardon, Vojtech"]
[Black "Kulkarni, Chinmay"]
[Result "1-0"]
[WhiteTitle "IM"]
[WhiteElo "2424"]
[BlackElo "2336"]
[WhiteFideId "325511"]
[BlackFideId "5023513"]
[EventDate "2018.07.18"]

1. c4 c5 2. g3 Nc6 3. Bg2 g6 4. Nc3 Bg7 5. a3 Nf6 6. Rb1 a5 7. d3 O-O 8. Bg5 d6
9. Qd2 Re8 10. Bh6 Bh8 11. h4 e5 12. h5 Nd4 13. hxg6 fxg6 14. e3 Nf5 15. Bg5 Qc7
16. Nb5 Qf7 17. e4 Nd4 18. Nxd6 Qf8 19. Nxe8 Qxe8 20. b4 axb4 21. axb4 Bg4 22.
f3 Be6 23. Ne2 Nxe2 24. Kxe2 Nd7 25. b5 Nb6 26. Be3 Qe7 27. Ra1 Rf8 28. Ra7 Bf6
29. Qa5 Qc7 30. Qa3 Be7 31. Bd2 Qc8 32. Bc3 Bd6 33. Qa5 Bc7 34. Qa1 Nd7 35. Qc1
Nf6 36. Qg5 Qb8 37. Ra2 Nd7 38. Bh3 Qe8 39. Ra8 Bb8 40. Rxb8 1-0

[Event "29th Czech Rapid G1 2018"]
[Site "Pardubice CZE"]
[Date "2018.07.18"]
[Round "3.12"]
[White "Sengupta, Deep"]
[Black "Harsha, Bharathakoti"]
[Result "1-0"]
[WhiteTitle "GM"]
[BlackTitle "IM"]
[WhiteElo "2565"]
[BlackElo "2465"]
[WhiteFideId "5008352"]
[BlackFideId "5078776"]
[EventDate "2018.07.18"]

1. e4 e5 2. Nf3 Nc6 3. Bc4 Bc5 4. c3 Nf6 5. d4 exd4 6. e5 d5 7. Bb5 Ne4 8. cxd4
Bb6 9. Nc3 O-O 10. Be3 f6 11. Qb3 Nxc3 12. Bxc6 bxc6 13. Qxc3 Bg4 14. exf6 gxf6
15. a4 Bxf3 16. gxf3 a5 17. Qxc6 Kh8 18. Rg1 Qe7 19. O-O-O Qf7 20. Bh6 Rg8 21.
Bg7+ Qxg7 22. Rxg7 Kxg7 23. Rg1+ 1-0

[Event "29th Czech Rapid G1 2018"]
[Site "Pardubice CZE"]
[Date "2018.07.18"]
[Round "3.13"]
[White "Vorobiov, Evgeny E."]
[Black "Grekh, Andrey"]
[Result "1-0"]
[WhiteTitle "GM"]
[BlackTitle "IM"]
[WhiteElo "2564"]
[BlackElo "2400"]
[WhiteFideId "4121341"]
[BlackFideId "14112418"]
[EventDate "2018.07.18"]

1. d4 Nf6 2. c4 e6 3. Nf3 d5 4. Nc3 Be7 5. Qc2 O-O 6. cxd5 exd5 7. Bf4 c6 8. e3
Bg4 9. Bd3 Nbd7 10. Ne5 Be6 11. h3 c5 12. Nxd7 Qxd7 13. dxc5 Bxc5 14. Be5 Ne4
15. Rd1 Qe7 16. Bxe4 dxe4 17. Qxe4 Rfe8 18. Bd4 Bxd4 19. Rxd4 Qg5 20. h4 Qa5 21.
Qd3 a6 22. O-O b5 23. b4 Qa3 24. Nd5 Qxa2 25. Nc7 Bc4 26. Qb1 Qe2 27. Rfd1 Rac8
28. Nxe8 Rxe8 29. Rd8 Rf8 30. Qf5 1-0

[Event "29th Czech Rapid G1 2018"]
[Site "Pardubice CZE"]
[Date "2018.07.18"]
[Round "3.15"]
[White "Schlosser, Philipp"]
[Black "Frolov, Artur"]
[Result "1-0"]
[WhiteTitle "GM"]
[BlackTitle "IM"]
[WhiteElo "2501"]
[BlackElo "2393"]
[WhiteFideId "4600169"]
[BlackFideId "14100134"]
[EventDate "2018.07.18"]

1. Nf3 Nf6 2. c4 g6 3. Nc3 Bg7 4. e4 d6 5. d4 O-O 6. h3 e5 7. d5 Nh5 8. g3 Qe8
9. Be2 f5 10. exf5 gxf5 11. Nh4 Nf6 12. Qc2 Na6 13. Be3 f4 14. gxf4 exf4 15. Bd4
Nb4 16. Qd2 c5 17. dxc6 Nxc6 18. Bxf6 Bxf6 19. Nf3 Bf5 20. O-O-O Bxc3 21. bxc3
Qe4 22. Qd5+ Qxd5 23. cxd5 Ne5 24. Nxe5 dxe5 25. Bg4 Rad8 26. Rhe1 Bxg4 27. hxg4
Rfe8 28. f3 Kf7 29. Kc2 b5 30. a4 a6 31. axb5 axb5 32. Kb3 Kf6 33. Rh1 e4 34.
fxe4 Rxe4 35. Rxh7 Kg6 36. Rh5 f3 37. Rf5 Rxg4 38. Rxf3 Rd6 39. Rf8 Rg5 40. Rg8+
Kf6 41. Rxg5 Kxg5 42. Kb4 1-0